Known to the police
| Main Author: | |
|---|---|
| Format: | Print Book |
| Language: | English |
| Published: |
New York [u.a.]
Garland
1984
|
| In: |
Crime and punishment in England 1850 - 1922 (23)
Year: 1984 |
| Edition: | Reprint, London 1908 |
| Availability in Tübingen: | Present in Tübingen. UB: KB 17 A 369 |
| Check availability: | HBZ Gateway |
| Subito Delivery Service: | Order now. |
MARC
| LEADER | 00000cam a22000002c 4500 | ||
|---|---|---|---|
| 001 | 1091024308 | ||
| 003 | DE-627 | ||
| 005 | 20251224220348.0 | ||
| 007 | tu | ||
| 008 | 900717s1984 xx ||||| 00| ||eng c | ||
| 010 | |a 83049241 | ||
| 020 | |a 0824062221 |9 0-8240-6222-1 | ||
| 035 | |a (DE-627)1091024308 | ||
| 035 | |a (DE-576)021024308 | ||
| 035 | |a (DE-599)BSZ021024308 | ||
| 035 | |a (OCoLC)12724246 | ||
| 040 | |a DE-627 |b ger |c DE-627 |e rakwb | ||
| 041 | |a eng | ||
| 082 | 0 | |a 364.3/08806942 | |
| 082 | 0 | |a 364.3/09421 | |
| 100 | 1 | |a Holmes, Thomas |4 aut | |
| 245 | 1 | 0 | |a Known to the police |c Thomas Holmes |
| 250 | |a Reprint, London 1908 | ||
| 264 | 1 | |a New York [u.a.] |b Garland |c 1984 | |
| 300 | |a XI, 267 S. | ||
| 336 | |a Text |b txt |2 rdacontent | ||
| 337 | |a ohne Hilfsmittel zu benutzen |b n |2 rdamedia | ||
| 338 | |a Band |b nc |2 rdacarrier | ||
| 490 | 1 | |a Crime and punishment in England |v 23 | |
| 583 | 1 | |a Archivierung prüfen |c 20200919 |f DE-640 |z 2 |2 pdager | |
| 830 | 0 | |a Crime and punishment in England 1850 - 1922 |v 23 |9 23 |w (DE-627)526658517 |w (DE-576)9526658515 |w (DE-600)2277545-6 |7 am | |
| 951 | |a BO | ||
| ELC | |b 1 | ||
| LOK | |0 000 xxxxxcx a22 zn 4500 | ||
| LOK | |0 001 2147731676 | ||
| LOK | |0 003 DE-627 | ||
| LOK | |0 004 1091024308 | ||
| LOK | |0 005 19900717000000 | ||
| LOK | |0 008 900717||||||||||||||||ger||||||| | ||
| LOK | |0 040 |a DE-21 |c DE-627 |d DE-21 | ||
| LOK | |0 852 |a DE-21 | ||
| LOK | |0 852 1 |c KB 17 A 369 |9 00 | ||
| LOK | |0 935 |a krim | ||
| LOK | |0 936ln |a k1 | ||
| LOK | |0 939 |a 17-07-90 |b l01 | ||
| ORI | |a SA-MARC-krimdoka001.raw | ||
| SIG | |a UB: KB 17 A 369 | ||
